| 000 | 00364nam a2200133Ia 4500 | ||
|---|---|---|---|
| 005 | 20251222144724.0 | ||
| 008 | 251222s9999||||xx |||||||||||||| ||spa|| | ||
| 020 | _a9972-9739-1-3 | ||
| 082 | _a378.17/C33 | ||
| 100 | _aCastagnetti M., Antonio | ||
| 245 | 0 | _aMetodología de los Estudios Universitarios | |
| 264 | _bUniversidad Marcelino Champagnat | ||
| 942 | _cLIB | ||
| 999 |
_c18331 _d18331 |
||